LIBRARY ONLINE CATALOGUE

An Enemy called average / (Record no. 7372)

MARC details
000 -LEADER
fixed length control field 00588nam a22002052 4500
001 - CONTROL NUMBER
control field 0000007065
005 - DATE AND TIME OF LATEST TRANSACTION
control field 20151217152021.0
008 - FIXED-LENGTH DATA ELEMENTS--GENERAL INFORMATION
fixed length control field 071110s xx 000 0 eng d
020 ## - INTERNATIONAL STANDARD BOOK NUMBER
International Standard Book Number 9966805664 :
Terms of availability KES 690
040 ## - CATALOGING SOURCE
Original cataloging agency KABU
Transcribing agency KABU
100 1# - MAIN ENTRY--PERSONAL NAME
Personal name Mason, John L.
-- 0000157726
245 13 - TITLE STATEMENT
Title An Enemy called average /
Statement of responsibility, etc. John L. Mason.
260 ## - PUBLICATION, DISTRIBUTION, ETC. (IMPRINT)
Place of publication, distribution, etc. Nairobi :
Name of publisher, distributor, etc. WordAlive,
Date of publication, distribution, etc. 1990.
300 ## - PHYSICAL DESCRIPTION
Extent 187 p.
650 #0 - SUBJECT ADDED ENTRY--TOPICAL TERM
Topical term or geographic name as entry element Christian life.
-- 0000149167
650 #0 - SUBJECT ADDED ENTRY--TOPICAL TERM
Topical term or geographic name as entry element Devotional literature.
-- 0000158106
908 ## - PUT COMMAND PARAMETER (RLIN)
Put command parameter 071110
950 ## - LOCAL HOLDINGS (RLIN)
-- 1
Holdings
Withdrawn status Lost status Source of classification or shelving scheme Not for loan Home library Current library Date acquired Total Checkouts Full call number Barcode Date last seen Price effective from Koha item type
    Library of Congress Classification   Kabarak, Main Campus Kabarak, Main Campus 17/12/2015   BV4509.5 .M37 011004 17/12/2015 17/12/2015 General Collection